Statistics for 10 most succsessfull Scotland football team managers

Click here to take the quiz!

General Stats

  • This quiz has been taken 147 times
    (108 since last reset)
  • The average score is 4 of 10

Answer Stats

Hint Answer % Correct
2004-0743.75%Walter Smith
78%
1965-6642.86%Jock Stein
78%
200770%Alex McLeish
73%
2013-47.06%Gordon Strachan
64%
1993-200245.07%Craig Brown
59%
1973-7747.37%Willie Ormond
28%
1971-7258.33%Tommy Docherty
19%
195850%Matt Busby
9%
1966-6750%Malky McDonald
4%
1960-6560.71%Ian McColl
2%

Score Distribution

Percentile by Number Answered

Percent of People with Each Score

Your Score History

You have not taken this quiz since the last reset